000 01622cam a22003254a 4500
001 13373849
003 SISC
005 20160616145246.0
008 031015s2004 nyuab b 001 0 eng
010 _a 2003064165
020 _a0743235576
040 _aDLC
_cDLC
_dDLC
042 _apcc
043 _aap-----
_an-us---
_aa-su---
050 0 0 _aDS 79.735.R37
_b.M67 2004
082 0 0 _a956.7044/242
100 1 _aMorris, David J.,
_d1971-
245 1 0 _aStorm on the horizon :
_bkhafji--the battle that changed the course of the gulf war /
_cDavid J. Morris.
260 _aNew York :
_bFree Press,
_c2004.
300 _axviii, 317 pages :
_billustrations ;
_c24 cm.
500 _aIncludes bibliographical references and index.
650 0 _aKhafji, Battle of, Raʾs al-Khafjī, Saudi Arabia, 1991.
856 4 2 _3Contributor biographical information
_uhttp://www.loc.gov/catdir/bios/simon053/2003064165.html
856 4 2 _3Publisher description
_uhttp://www.loc.gov/catdir/description/simon053/2003064165.html
856 4 1 _3Table of contents only
_uhttp://www.loc.gov/catdir/enhancements/fy0631/2003064165-t.html
856 4 1 _3Sample text
_uhttp://www.loc.gov/catdir/enhancements/fy0641/2003064165-s.html
906 _a7
_bcbc
_corignew
_d1
_eocip
_f20
_gy-gencatlg
942 _2lcc
_cBK
999 _c295956
_d295956